000 00546nam a22001697a 4500
003 NUST
038 _aNusrat Nadeem
082 _a200
100 _aKhan, Wali
_9125709
245 _aThe Impact of CPEC on Human Capital in Balochistan: A Case Study of Gwadar/
_cWali Khan,
264 _aIslamabad;
_bS3H NUST;
_c2024.
300 _a72,p;
_bill;
_c30,cm.
650 _aMS-Government and Public Policy
_9125323
700 _aSupervisor: Dr. Ume Laila
_9120249
856 _u http://10.250.8.41:8080/xmlui/handle/123456789/46385
942 _2ddc
_cSC
999 _c611412
_d611412